New Testament foundations : (Record no. 1391)
[ view plain ]
| 000 -LEADER | |
|---|---|
| fixed length control field | 00902cam a2200277 a 4500 |
| 001 - CONTROL NUMBER | |
| control field | 988860 |
| 003 - CONTROL NUMBER IDENTIFIER | |
| control field | GBCCL |
| 005 - DATE AND TIME OF LATEST TRANSACTION | |
| control field | 20241126110400.0 |
| 008 - FIXED-LENGTH DATA ELEMENTS--GENERAL INFORMATION | |
| fixed length control field | 860815m19009999miu b 001 0 eng |
| 010 ## - | |
| -- | 86016235 |
| 020 ## - INTERNATIONAL STANDARD BOOK NUMBER | |
| International Standard Book Number | 0802800769 (v. 2) |
| 040 ## - CATALOGING SOURCE | |
| Original cataloging agency | DLC |
| Transcribing agency | DLC |
| Modifying agency | DLC |
| 050 00 - | |
| -- | BS2330.2 |
| -- | .M28 1986 |
| 082 00 - DEWEY DECIMAL CLASSIFICATION NUMBER | |
| Classification number | 225.61 |
| Edition information | 19 |
| Item number | MAR |
| 100 1# - MAIN ENTRY--PERSONAL NAME | |
| Personal name | Martin, Ralph P. |
| 9 (RLIN) | 2746 |
| 245 10 - TITLE STATEMENT | |
| Title | New Testament foundations : |
| Remainder of title | a guide for Christian students / |
| Statement of responsibility, etc. | by Ralph P. Martin. |
| 250 ## - EDITION STATEMENT | |
| Edition statement | Rev. ed. |
| 260 ## - PUBLICATION, DISTRIBUTION, ETC. | |
| Place of publication, distribution, etc. | Grand Rapids, Mich. : |
| Name of publisher, distributor, etc. | Wm. B. Eerdmans, |
| Date of publication, distribution, etc. | <1986- >, c1978. |
| 300 ## - PHYSICAL DESCRIPTION | |
| Extent | v. <2 > ; |
| Dimensions | 24 cm. |
| 500 ## - GENERAL NOTE | |
| General note | Includes indexes. |
| 504 ## - BIBLIOGRAPHY, ETC. NOTE | |
| Bibliography, etc. note | Bibliography: v. 2., p. [439]-443. |
| 505 1# - FORMATTED CONTENTS NOTE | |
| Formatted contents note | -- v. 2. The Acts, the Letters, the Apocalypse. |
| 630 00 - SUBJECT ADDED ENTRY--UNIFORM TITLE | |
| Uniform title | Bible. |
| Name of part/section of a work | New Testament |
| General subdivision | Introductions. |
| 9 (RLIN) | 2747 |
| 906 ## - LOCAL DATA ELEMENT F, LDF (RLIN) | |
| a | 7 |
| b | cbc |
| c | orignew |
| d | 1 |
| e | ocip |
| f | 19 |
| g | y-gencatlg |
| 942 ## - ADDED ENTRY ELEMENTS (KOHA) | |
| Source of classification or shelving scheme | Dewey Decimal Classification |
| Koha item type | Books |
| Koha issues (borrowed), all copies | 54 |
| Withdrawn status | Lost status | Source of classification or shelving scheme | Damaged status | Not for loan | Home library | Current Library | Shelving location | Date acquired | Total checkouts | Full call number | Barcode | Date last seen | Date last checked out | Copy number | Price effective from | Koha item type |
|---|---|---|---|---|---|---|---|---|---|---|---|---|---|---|---|---|
| Dewey Decimal Classification | GRACE BIBLE COLLEGE | GRACE BIBLE COLLEGE | Biblical Studies | 2017-04-28 | 33 | 225.61 MAR | 000649 | 2025-11-04 | 2025-11-04 | v.1 | 2017-04-28 | Books | ||||
| Dewey Decimal Classification | GRACE BIBLE COLLEGE | GRACE BIBLE COLLEGE | Biblical Studies | 2017-04-28 | 18 | 225.61 MAR | 000650 | 2025-09-22 | 2025-09-18 | v.2 | 2017-04-28 | Books | ||||
| Dewey Decimal Classification | GRACE BIBLE COLLEGE | GRACE BIBLE COLLEGE | Biblical Studies | 2017-04-28 | 18 | 225.61 MAR | 000651 | 2025-09-19 | 2025-09-15 | v.2 c.2 | 2017-04-28 | Books |